000 00391nam a2200157Ia 4500
005 20260305130841.0
022 _a0795 - 2066
050 _aQD1 .J942/
245 0 _aJournal of Chemical Society of Nigeria
260 _aNigeria
260 _bChemical Society of Nigeria
260 _c2010
300 _avii. , : ill. ; 28-30 cm.
650 _aChemistry--Periodicals.
942 _cSR
_2lcc
999 _c38364
_d38364